LEADER 01387nam a2200301 i 4500 001 000000037309 003 CaOOAMICUS 005 20250905092414.0 008 050308s1991 it u000 u mul u 020 $a88-02-04286-1 040 $aSeMil$bita 100 1 $aSallustius Crispus, Gaius,$d<86-ca. 34 aC.>.$0(OLS)http://semarc/name/11692 245 10$aOpere /$cdi Caio Sallustio Crispo ; a cura di Paolo Frassinetti e Lucia Di Salvo. 264 1$aTorino :$bUnione Tipografico-Editrice Torinese,$c1991. 300 $a595 p., [8] c. di tav. ;$c24 cm. 490 1 $aClassici latini 500 $aContiene: La congiura di Catilina ; La Guerra Giugurtina ; Frammenti delle "Storie" ; Due lettere a Cesare ; Invettiva contro Marco Tullio Cicerone 546 $aTesto latino a fronte 700 1 $aDi Salvo, Lucia.$0(OLS)http://semarc/name/17782 700 1 $aFrassinetti, Paolo.$0(OLS)http://semarc/name/17781 830 0$aClassici latini .$0(OLS)http://semarc/title/101 850 $aSeMil 852 $aSeMil$W1$xVenegono$y1$m1Y IV 31$j261467$B3464$CSeMilBibl$Z2$F3464 $81 961 $aAcquisto: UTET (Agente) 996 $6020$a88-02-04286-1$9(OLS)http://semarc/number/6256 996 $6245$aOpere$9(OLS)http://semarc/title/2208 996 $6264$aTorino :$bUnione Tipografico-Editrice Torinese$9(OLS)http://semarc/publisher/29628 LEADER 01193nam a2200289 i 4500 001 000000052427 003 CaOOAMICUS 005 20121009000000.0 008 121009s1980 it u000 u ita u 013 $a23599 020 $a88-85115-28-4 040 $aSeMil$bita 100 1 $aRossi, Giulio <1876-1943>.$0(OLS)http://semarc/name/25895 245 10$aStoria del Cantone Ticino /$cGiulio Rossi, Eligio Pometta ; prefazione di Giuseppe Martinola. 250 $a7. ed. 260 $aLocarno :$bDadò,$c1980. 300 $a432 p., [14] p. di tav. :$bill. ;$c25 cm. 500 $aDono di mons. Antonio Rimoldi. 650 4$aTicino - Storia.$0(OLS)http://semarc/subject/9862 700 1 $aMartinola, Giuseppe.$0(OLS)http://semarc/name/18335 700 1 $aPometta, Eligio <1865-1950>.$0(OLS)http://semarc/name/25896 850 $aSeMil 852 $aSeMil$W1$xVenegono$y1$m3P V 257$j18581$B18581$CSeMilBibl$Z2$F18583 $81 961 $aOmaggio: Rimoldi mons. Antonio 996 $6020$a88-85115-28-4$9(OLS)http://semarc/number/26833 996 $6245$aStoria del Cantone Ticino$9(OLS)http://semarc/title/80442 996 $6260$aLocarno :$bDadò$9(OLS)http://semarc/publisher/32530